Κατάλογος Βιβλιοθηκών Mediterranean College

Ελεγκτική / Θεωρία και Πρακτική (Record no. 2157)

MARC details
000 -LEADER
fixed length control field 03337cam a22002054a 4500
005 - ΗΜΕΡΟΜΗΝΙΑ ΚΑΙ ΩΡΑ ΤΕΛΕΥΤΑΙΑΣ ΕΝΗΜΕΡΩΣΗΣ
Πεδίο ελέγχου 20250605163319.0
008 - FIXED-LENGTH DATA ELEMENTS--GENERAL INFORMATION
Πεδίο ελέγχου σταθερού μήκους 250528s ||||||||||||||||||||||||d
035 ## - SYSTEM CONTROL NUMBER
System control number 16682
020 ## - ISBN
ISBN 9603510661
040 ## - ΠΗΓΗ ΚΑΤΑΛΟΓΟΓΡΑΦΗΣΗΣ
Φορέας πρωτότυπης καταλογογράφησης MC Athens Campus Library
Γλώσσα καταλογογράφησης Ελληνικά, Μοντέρνα (1453-)
Modifying agency MC Athens Campus Library
Κανόνες περιγραφικής καταλογογράφησης AACR2
245 1# - ΤΙΤΛΟΣ ΚΑΙ ΔΗΛΩΣΗ ΥΠΕΥΘΥΝΟΤΗΤΑΣ
Τίτλος Ελεγκτική / Θεωρία και Πρακτική
260 ## - PUBLICATION, DISTRIBUTION, ETC.
Name of publisher, distributor, etc. Σταμούλης Α,
Date of publication, distribution, etc. 1995
300 ## - PHYSICAL DESCRIPTION
Extent 485
505 0# - FORMATTED CONTENTS NOTE
Formatted contents note Πρόλογος, Η Φύση και το Αντικείμενο της Ελεγκτικής, Η Κοινωνική Ευθύνη και Υποχρέωση του Ορκωτού Ελεγκτή, Προγραμματισμός και Επάνδρωση και Προετοιμασία Ελέγχου, Αξιολόγηση του Συστήματος Εσωτερικής Οργάνωσης και Ελέγχου (Internal Control), Ελεγκτικά Τεκμήρια και Τεκμηρίωση του Ελέγχου, Δειγματοληπτικός Έλεγχος, Ελεγκτική και Μηχανογράφηση, Έλεγχος ωΤαμειακών Στοιχείων και Χρεόγραφων, Έλεγχος Κυκλωμάτων Πελατών και Πωλήσεων, Έλεγχος Αποθεμάτων, Έλεγχος Υποχρεώσεων και Αγορών και Προμηθευτών, Έλεγχος Παγίων και Λοιπών Κεφαόποιημένων Δαπανών, Έλεγχος Αμοιβών Προσωπικού και Επικουρικών Ταμείων - Διάφορα Έξοδα και Έσοδα, Έλεγχος Λογαριασμών Κεφαλαίων και Προβλέψεων, Ολοκλήρωση και Ανασκόπηση Ελέγχου, Εκθέσεις και Πιστοποιητικά Ελέγχου, Παράρτημα, Βιβλιογραφία.
520 ## - SUMMARY, ETC.
Summary, etc. Πρόλογος, Η Φύση και το Αντικείμενο της Ελεγκτικής, Η Κοινωνική Ευθύνη και Υποχρέωση του Ορκωτού Ελεγκτή, Προγραμματισμός και Επάνδρωση και Προετοιμασία Ελέγχου, Αξιολόγηση του Συστήματος Εσωτερικής Οργάνωσης και Ελέγχου (Internal Control), Ελεγκτικά Τεκμήρια και Τεκμηρίωση του Ελέγχου, Δειγματοληπτικός Έλεγχος, Ελεγκτική και Μηχανογράφηση, Έλεγχος ωΤαμειακών Στοιχείων και Χρεόγραφων, Έλεγχος Κυκλωμάτων Πελατών και Πωλήσεων, Έλεγχος Αποθεμάτων, Έλεγχος Υποχρεώσεων και Αγορών και Προμηθευτών, Έλεγχος Παγίων και Λοιπών Κεφαόποιημένων Δαπανών, Έλεγχος Αμοιβών Προσωπικού και Επικουρικών Ταμείων - Διάφορα Έξοδα και Έσοδα, Έλεγχος Λογαριασμών Κεφαλαίων και Προβλέψεων, Ολοκλήρωση και Ανασκόπηση Ελέγχου, Εκθέσεις και Πιστοποιητικά Ελέγχου, Παράρτημα, Βιβλιογραφία.
700 1# - ΠΡΟΣΘΕΤΗ ΑΝΑΓΡΑΦΗ--ΦΥΣΙΚΟ ΠΡΟΣΩΠΟ
Personal name Κάντζος Κωνσταντίνος
942 ## - ADDED ENTRY ELEMENTS (KOHA)
Koha item type Books
Holdings
Τύπος τεκμηρίου Βιβλιοθήκη Τρέχουσα τοποθεσία Barcode Αριθμός εισαγωγής Ημερομηνία απόκτησης Ταξιθετικό σύμβολο Αριθμός αντιτύπου Κατάσταση απόσυρσης Κατάσταση χαμένου Κατάσταση κατεστραμμένου Μη δανεισμός Σύνολο δανεισμών Ημερομηνία τελευταίας εμφάνισης Η τιμή ισχύει από
Books MC Athens Campus Library MC Athens Campus Library 9780000021564 4887 05/06/2025 657.45 ΚΑΝ 1           05/06/2025 05/06/2025

MC Athens Campus Library
Πατησίων 94 & Κοδριγκτώνος 13, 104 34
Πελλήνης 8 & Πατησίων 107, 112 51
Τ: +30 210 8899600

MC Thessaloniki Campus Library
Ίωνος Δραγούμη 21, 54625 | Ίωνος Δραγούμη 15, 54625
Τ: +30 2310 287779 – Τ: +30 2314 440300